000 00547nam a22002297a 4500
003 UA-OsUOA
001 98966
007 ta
008 20130422b un ||||| |||| 00| 0 ukr d
100 _aРослый И.
090 _a254
_bР75
942 _cBK
040 _aUA-OsUOA
_brus
_cUA-OsUOA
_dUA-OsUOA
245 _aВыстоять и победить
300 _a256 с.
955 _a3
041 _arus
080 _a254
260 _aМ.
_bДОСААФ
_c1977
650 7 _a2 Релігія. Теологія.
_2UDC
999 _c385011
_d385011